What MV? Quiz Stats

 Plays Quiz not verified by Sporcle

Challenge
Share
Tweet
Score 0/15 Timer 05:00
0 Plays Today
% Correct
Touch my Body
90%
Dope
85%
Happiness
85%
Loser
85%
Stop Stop It
80%
Red
80%
Run Devil Run
70%
Ooh Ahh
60%
% Correct
Ugly
60%
LUV
55%
Eyes, Nose, Lips
55%
Love Me Right
50%
Only You
50%
Q and A
25%
Someone Like You
15%

You're not logged in!

Compare scores with friends on all Sporcle quizzes.
OR
Log In

You Might Also Like...

Show Comments

Extras

Created May 6, 2016ReportNominate
Tags:girl, group

Top Quizzes Today


Score Distribution

Your Account Isn't Verified!

In order to create a playlist on Sporcle, you need to verify the email address you used during registration. Go to your Sporcle Settings to finish the process.

Report this User

Report this user for behavior that violates our Community Guidelines.

Details: